[Event "Voronezh op-A 18th"]
[Site "Voronezh"]
[Date "2014.06.21"]
[Round "9"]
[White "Brodsky, Michail"]
[Black "Deviatkin, Andrei"]
[Result "1-0"]
[WhiteElo "2556"]
[BlackElo "2526"]
[PlyCount "75"]
[EventDate "2014.06.12"]
[EventType "swiss"]
[EventRounds "9"]
[EventCountry "RUS"]
[SourceTitle "CBM 160 Extra"]
[Source "ChessBase"]
[SourceDate "2014.07.01"]
[SourceVersion "1"]
[SourceVersionDate "2014.07.01"]
[SourceQuality "1"]

1. d4 d5 2. c4 c6 3. Nc3 Nf6 4. e3 e6 5. Nf3 Nbd7 6. Bd3 dxc4 7. Bxc4 b5 8. Bd3 Bd6 9. Bd2 a6 10. Ne4 Be7 11. b4 c5 12. bxc5 Nxc5 13. Nxc5 Bxc5 14. a4 b4 15. a5 Bd6 16. e4 Be7 17. 0-0 0-0 18. Qe2 Rb8 19. Rfb1 Bb7 20. Bxb4 Bxe4 21. Bxe7 Rxb1+ 22. Rxb1 Bxd3 23. Qxd3 Qxe7 24. Qxa6 Qa3 25. Ne5 Qa2 26. Rf1 h5 27. Nc6 Nd5 28. Qb7 h4 29. h3 g5 30. a6 g4 31. hxg4 h3 32. Ne7+ Kg7 33. Nxd5 hxg2 34. Kxg2 exd5 35. a7 Qe2 36. Qb8 Re8 37. Qf4 Qa6 38. Qg5+ 1-0

[Event "Voronezh op-A 18th"]
[Site "Voronezh"]
[Date "2014.06.20"]
[Round "8"]
[White "Khalifman, Alexander"]
[Black "Brodsky, Michail"]
[Result "1-0"]
[WhiteElo "2617"]
[BlackElo "2556"]
[PlyCount "95"]
[EventDate "2014.06.12"]
[EventType "swiss"]
[EventRounds "9"]
[EventCountry "RUS"]
[SourceTitle "CBM 160 Extra"]
[Source "ChessBase"]
[SourceDate "2014.07.01"]
[SourceVersion "1"]
[SourceVersionDate "2014.07.01"]
[SourceQuality "1"]

1. d4 Nf6 2. c4 e6 3. Nf3 Bb4+ 4. Nbd2 0-0 5. a3 Be7 6. e4 d6 7. Be2 Nbd7 8. Qc2 e5 9. Nb1 c6 10. Nc3 a6 11. 0-0 b5 12. Rd1 Qc7 13. Bg5 h6 14. Bh4 Bb7 15. Rac1 Rfe8 16. b4 exd4 17. Nxd4 Bf8 18. cxb5 cxb5 19. f3 Rac8 20. Qd2 Qb8 21. Bg3 Ne5 22. Nf5 Re6 23. Nd4 Ree8 24. Nf5 Re6 25. Bf1 Kh7 26. Ne3 g6 27. Ncd5 Nxd5 28. Nxd5 Bg7 29. Rxc8 Qxc8 30. Rc1 Qb8 31. Bf2 Re8 32. Bh4 Kh8 33. Bf6 Kh7 34. Bh4 Kh8 35. Bf6 Kh7 36. Bxg7 Kxg7 37. Nb6 Kg8 38. Qd4 Rd8 39. Be2 Nd7 40. Rd1 Bc6 41. Nxd7 Rxd7 42. Qf6 Qc7 43. Rc1 Qb6+ 44. Kf1 Bb7 45. Rc3 Rd8 46. Bd1 Rd7 47. Bb3 Kf8 48. Be6 1-0

[Event "Voronezh op-A 18th"]
[Site "Voronezh"]
[Date "2014.06.14"]
[Round "3"]
[White "Brodsky, Michail"]
[Black "Oganian, Miran"]
[Result "1-0"]
[WhiteElo "2556"]
[BlackElo "2378"]
[PlyCount "71"]
[EventDate "2014.06.12"]
[EventType "swiss"]
[EventRounds "9"]
[EventCountry "RUS"]
[SourceTitle "CBM 160 Extra"]
[Source "ChessBase"]
[SourceDate "2014.07.01"]
[SourceVersion "1"]
[SourceVersionDate "2014.07.01"]
[SourceQuality "1"]

1. c4 c5 2. Nf3 Nf6 3. d4 cxd4 4. Nxd4 Nc6 5. Nc3 g6 6. e4 Bg7 7. Be3 0-0 8. Be2 b6 9. 0-0 Bb7 10. f3 e6 11. Rc1 Qe7 12. Qd2 Rad8 13. Rfd1 d5 14. Nxc6 Bxc6 15. e5 Ne8 16. Bg5 f6 17. exf6 Bxf6 18. Bxf6 Nxf6 19. Qe3 Qc5 20. Qxc5 bxc5 21. cxd5 exd5 22. b3 Rfe8 23. Rd2 Rc8 24. Ba6 Rb8 25. Bf1 Rbc8 26. Ne2 Bb7 27. Rdc2 Nd7 28. Nf4 Bc6 29. Nd3 c4 30. bxc4 d4 31. Rd2 Rcd8 32. Nb4 Nb8 33. c5 Kg7 34. Nc2 Bd5 35. Nxd4 Bf7 36. Bb5 1-0

[Event "Voronezh op-A 18th"]
[Site "Voronezh"]
[Date "2014.06.13"]
[Round "2"]
[White "Nozdrachev, Leonid"]
[Black "Brodsky, Michail"]
[Result "1/2-1/2"]
[WhiteElo "2409"]
[BlackElo "2556"]
[PlyCount "46"]
[EventDate "2014.06.12"]
[EventType "swiss"]
[EventRounds "9"]
[EventCountry "RUS"]
[SourceTitle "CBM 160 Extra"]
[Source "ChessBase"]
[SourceDate "2014.07.01"]
[SourceVersion "1"]
[SourceVersionDate "2014.07.01"]
[SourceQuality "1"]

1. e4 c5 2. c3 Nf6 3. e5 Nd5 4. d4 cxd4 5. Nf3 Nc6 6. Bc4 Nb6 7. Bb3 d5 8. exd6 Qxd6 9. 0-0 Be6 10. Nxd4 Nxd4 11. cxd4 Bxb3 12. Qxb3 e6 13. Nc3 Be7 14. d5 exd5 15. Rd1 0-0 16. Be3 Bf6 17. Ne4 Qe7 18. Nxf6+ Qxf6 19. Bxb6 axb6 20. Rxd5 Rfd8 21. Rad1 g6 22. Rxd8+ Rxd8 23. Rxd8+ Qxd8 1/2-1/2

[Event "Cappelle op 30th"]
[Site "Cappelle la Grande"]
[Date "2014.03.06"]
[Round "7"]
[White "Brodsky, Michail"]
[Black "Munschi, Serge"]
[Result "1-0"]
[WhiteElo "2554"]
[BlackElo "2309"]
[PlyCount "69"]
[EventDate "2014.03.01"]
[EventType "swiss"]
[EventRounds "9"]
[EventCountry "FRA"]
[SourceTitle "CBM 159 Extra"]
[Source "ChessBase"]
[SourceDate "2014.04.24"]
[SourceVersion "1"]
[SourceVersionDate "2014.04.24"]
[SourceQuality "1"]

1. d4 Nf6 2. c4 b6 3. Nc3 Bb7 4. Qc2 d5 5. cxd5 Nxd5 6. Nf3 g6 7. e4 Nxc3 8. bxc3 Bg7 9. Bb5+ c6 10. Bd3 0-0 11. 0-0 c5 12. d5 Ba6 13. Bg5 Bxd3 14. Qxd3 f6 15. Bh4 e5 16. a4 Nd7 17. a5 Qc7 18. Nd2 Rac8 19. axb6 axb6 20. Qb5 c4 21. Ra4 Bh6 22. Rxc4 Qd6 23. Rxc8 Rxc8 24. Nc4 Qc7 25. Rb1 Bf8 26. f3 Qc5+ 27. Qxc5 Bxc5+ 28. Kf1 Ra8 29. Bf2 Bxf2 30. Kxf2 Rc8 31. Rb4 f5 32. Nxb6 Nxb6 33. Rxb6 Rxc3 34. Re6 Rc2+ 35. Kg3 1-0